000 00304nam a2200145Ia 4500
100 _aLeonhard/W/ Simon/Barry
942 _cRB
654 _aComputer
245 _aPC Mom
260 _bAddison Wesley Pub
_aNew Delhi
_c1994
082 _a4.165
_bLEO
300 _a720
546 _aENGLISH
999 _c20465
_d20465